000 00323 a2200145 4500
001 153832
040 _cEscola São Tomás de Aquino
100 _aBELINKY, Tatiana
240 1 0 _aO caso dos ovos
_lpor
245 1 0 _aO caso dos ovos
362 0 _a1991
440 1 _aÁtica
697 _a*LITERATURA INFANTIL
942 _cBK
999 _c153832
_d153832